The Avengers (2012): Characters by Picture - Statistics

General Stats
  • This quiz has been taken 108 times
  • The average score is 12 of 18
Answer Stats
Picture Answer % Correct
Iron Man
100%
The Incredible Hulk
100%
Captain America
99%
Thor
99%
Black Widow
97%
Loki
97%
Hawkeye
92%
Nick Fury
92%
Thanos
82%
Stan Lee
78%
Pepper Potts
75%
Maria Hill
63%
Agent Coulson
57%
Erik Selvig
44%
Agent Sitwell
26%
The Other
23%
Beth
9%
Georgi Luchkov
5%
No matching quizzes found
Score Distribution
Percent of People with Each Score
Percentile by Number Answered
Your Score History
You have not taken this quiz